[Event "South America-ch 1st"]
[Site "Lima"]
[Date "2023.09.16"]
[Round "3"]
[White "Chinga Gomez, Didier Sebastian"]
[Black "Reynoso, Jorge"]
[Result "0-1"]
[WhiteElo "1161"]
[BlackElo "1425"]
[PlyCount "72"]
[EventDate "2023.09.14"]
[EventType "swiss"]
[EventRounds "9"]
[EventCountry "PER"]
[SourceTitle "EXT 2024"]
[Source "ChessBase"]
[SourceDate "2023.10.10"]
[SourceVersion "1"]
[SourceVersionDate "2023.10.10"]
[SourceQuality "1"]

1. e4 e5 2. Nf3 Nc6 3. Bb5 Bc5 4. 0-0 Nd4 5. Nxd4 Bxd4 6. c3 Bb6 7. d4 c6 8. Bc4 Nf6 9. Bg5 d6 10. dxe5 dxe5 11. Qf3 0-0 12. h3 Qe7 13. Bxf6 Qxf6 14. Qxf6 gxf6 15. Nd2 Be6 16. Bxe6 fxe6 17. Nc4 Bc7 18. Rad1 Rad8 19. Rfe1 Kf7 20. Kf1 Ke7 21. Ke2 b5 22. Ne3 Rg8 23. Rxd8 Bxd8 24. b4 Bb6 25. g3 a5 26. Rc1 c5 27. Rb1 cxb4 28. cxb4 Bxe3 29. Kxe3 Ra8 30. bxa5 Rxa5 31. Rb2 Kd6 32. Rc2 Ra4 33. f3 Ra3+ 34. Kf2 f5 35. g4 fxe4 36. fxe4 Rxh3 0-1